Stores + shops EHI- Magazin für Ladenbau, Einrichtung und POP-Marketing
Na minha lista:
| Formato: | Periódico |
|---|---|
| Idioma: | alemão |
| Publicado em: |
Köln
EHI-EuroHandelsinstitut
2002
|
| Assuntos: | |
| Tags: |
Sem tags, seja o primeiro a adicionar uma tag!
|
MARC
| LEADER | 00000nas2a2200000 4500 | ||
|---|---|---|---|
| 001 | 0039507 | ||
| 005 | 20060306112949.0 | ||
| 022 | |a 1430-4082 | ||
| 041 | 0 | |a ger | |
| 044 | |a DE | ||
| 245 | 1 | 0 | |a Stores + shops |b EHI- Magazin für Ladenbau, Einrichtung und POP-Marketing |
| 264 | 1 | |a Köln |b EHI-EuroHandelsinstitut |c 2002 | |
| 773 | 0 | |w eu_un_cat*s123413 | |
| 610 | 2 | 0 | |a obchod medzinárodný |
| 610 | 2 | 0 | |a tovar |
| 610 | 2 | 0 | |a merchandising |